Female labour before, during and after the industrial revolution
Uložené v:
| Médium: | Kniha |
|---|---|
| Jazyk: | English |
| Vydavateľské údaje: |
Budapest
Akadémiai kiadó
1982
|
| Tagy: |
Žiadne tagy, Buďte prvý, kto otaguje tento záznam!
|
MARC
| LEADER | 00000nam a2200000 4500 | ||
|---|---|---|---|
| 001 | c134014 | ||
| 005 | 20041019155259.9 | ||
| 041 | 0 | |a eng | |
| 044 | |a HU | ||
| 245 | 1 | 0 | |a Female labour before, during and after the industrial revolution |
| 264 | 1 | |a Budapest |b Akadémiai kiadó |c 1982 | |
| 300 | |a 85 s. | ||